00846nam a22002297a 450000500170000001000130001702000240003003500130005403700160006704000120008308200150009510000260011024501150013626000420025127000280029330000240032165000520034565000540039794200240045199900190047595201220049420170124110221.0 aA-048561 c£7.95a01710085370 aA-048561 bCen Lib/Ret aDPLbEN a423.1bPAR aPartridge, Eric92244 aA dictionary of catch phrases :cby Eric PartridgebBritish and American, from the sixteenth century to the / aLondonbRotledge and Kegan Paulc1977 bLondona39 Store Street axv, 277p.c24cm(HB) a English language -- Terms and phrases.9100605 aEnglish language -- Slang -- Dictionaries9100606 2ddccENh423.1mPAR c134122d134122 00104070aLbLd2015-07-29eCen Lib/Retg0.00l0o423.1 PARpA-048561r2015-07-29 00:00:00t1v0.00w2015-07-29yEN